| 000 | 00000nam##2200000za#4500 |
| 001 | 9.626688 |
| 003 | CaOODSP |
| 005 | 20210615104651 |
| 007 | ta |
| 008 | 150406|2004||||xxc||||| f|0| 0 fre|d |
| 040 | |aCaOODSP|bfre |
| 043 | |an-cn--- |
| 086 | 1 |aNH18-22/104-110F |
| 110 | 2 |aSociété canadienne d'hypothèques et de logement. |
| 245 | 10|aMesures de réduction de la consommation énergétique misant sur des technologies innovatrices axées sur l'enveloppe des bâtiments |
| 260 | |bSociété canadienne d'hypothèques et de logement |c2004. |
| 300 | |a[4]p. : |btableaux ; |c28 cm. |
| 490 | 1 |aLe point en recherche. Série technique |v04-110 |
| 520 | 3 |aCes rapports techniques résument un large éventail d’études, de rapports et d’ouvrages divers relatifs au logement. Ils se penchent sur des questions aussi diversifiées que l’aménagement paysager à peu d’entretien dans le Nord; les possibilités d’action pour obtenir des environnements intérieurs sains; et divers aspects de la performance des installations, comme la performance de l’enveloppe de tours d’habitation, la performance de divers matériaux de construction, et l’évaluation de la performance d’installations de chauffage urbain. |
| 563 | |aDépliant |
| 590 | |a04-32|b2004-08-06 |
| 775 | 08|tStrategies for reducing building energy use via innovative building envelope technologies |w(CaOODSP)9.617040 |
| 776 | 0#|tMesures de réduction de la consommation énergétique misant sur des technologies innovatrices axées sur l'enveloppe des bâtiments |w(CaOODSP)9.608007 |
| 830 | #0|aLe point en recherche. Série technique ;|v04-110|w(CaOODSP)9.513179 |